| 000 | 00802nam a22002417a 4500 | ||
|---|---|---|---|
| 999 |
_c20607 _d20607 |
||
| 003 | AR-CdUCM | ||
| 008 | 190515b ||||| |||| 00| 0 spa d | ||
| 040 |
_aMUNICIPALIDAD PROVINCIAL DEL CUSCO _cBIBLIOTECA MUNICIPAL DEL CUSCO |
||
| 041 | _hfre | ||
| 082 |
_a188 / _bB85 |
||
| 100 |
_aBrun, Jean. _939761 |
||
| 245 | _aEl estoicismo / | ||
| 260 |
_aBuenos Aires : _bEUDEBA, _c1962. |
||
| 300 |
_a62 páginas ; _c25 cm. |
||
| 440 |
_a62 Cuaderno de EUDEBA. _943070 |
||
| 500 | _a[libro reempastado] | ||
| 505 | _aContenido : El estoicismo en la filosofía griega -- Los socráticos mayores... | ||
| 650 |
_aFilosofía. _9395 |
||
| 650 |
_aSocrates _99985 |
||
| 700 |
_aMoro Simpson, Thomas (traducción), Rozitchner, León (revisión técnica) _943071 |
||
| 942 |
_2ddc _cLIBROS |
||
| 945 | _aAndy | ||